Illustrated dictionary of environmental healtyh and occupational safety
Saved in:
| Main Author: | |
|---|---|
| Format: | Book |
| Language: | English |
| Published: |
Boca Raton :
CRC Press Lewis publishers,
c1996
|
| Subjects: | |
| Tags: |
Add Tag
No Tags, Be the first to tag this record!
|
MARC
| LEADER | 00000nam a2200000 i 4500 | ||
|---|---|---|---|
| 001 | 1/16107 | ||
| 008 | 980717s1995 eng d | ||
| 020 | |a 0-87371-420-2 | ||
| 035 | |l 10020078 | ||
| 040 | |a GR-MY-UA |b gre |e aacr | ||
| 041 | 0 | |a eng | |
| 082 | 0 | |a 616.98003 | |
| 100 | 1 | |a Koren, Herman. | |
| 245 | 1 | 0 | |a Illustrated dictionary of environmental healtyh and occupational safety / |c Herman Koren |
| 260 | |a Boca Raton : |b CRC Press Lewis publishers, |c c1996 | ||
| 300 | |a 407 p. |b fig. | ||
| 650 | 0 | 0 | |a Environmental health |x Dictionaries. |
| 650 | 0 | 0 | |a Industrial safety |x Dictionaries. |
| 852 | |a INST |b LESVOS |e 19980717 |h 616.98003 KOR |p 005100013581 |q 005100013581 |t REF |y 23 | ||
| 901 | |a BIBL-1998-2 | ||
| 909 | |a Λ |b 058509 | ||
| 922 | |a 1ΕΛΗ |b 199807 |c ΚΠΣ/ΤΠ |d ΠΑΠΑΣΩΤΗΡΙΟΥ | ||
| 950 | |a 107-1998-04-08 | ||